[Event "Orsha op-A 20th"]
[Site "Orsha"]
[Date "2022.02.07"]
[Round "8"]
[White "Yashmetov, Mikhail"]
[Black "Pestryakov, Nikita"]
[Result "1-0"]
[WhiteElo "2265"]
[BlackElo "1920"]
[PlyCount "63"]
[EventDate "2022.02.02"]
[EventType "swiss"]
[EventRounds "9"]
[EventCountry "BLR"]
[SourceTitle "EXT 2023"]
[Source "ChessBase"]
[SourceDate "2022.10.05"]
[SourceVersion "1"]
[SourceVersionDate "2022.10.05"]
[SourceQuality "1"]

1. Nf3 d6 2. d4 g6 3. g3 Bg7 4. Bg2 Nd7 5. 0-0 e5 6. dxe5 dxe5 7. e4 Ngf6 8. Qe2 0-0 9. Rd1 Re8 10. b3 c6 11. a4 Qc7 12. Nbd2 Nf8 13. Nc4 Bg4 14. Ba3 c5 15. Bb2 Qc6 16. h3 Bxf3 17. Qxf3 Qc7 18. h4 h5 19. Bh3 Re7 20. Rd2 Rd8 21. Rxd8 Qxd8 22. Rd1 Qc7 23. Qd3 Qc6 24. f3 Qc7 25. Qd8 Qxd8 26. Rxd8 Ne8 27. a5 Nc7 28. Ba3 Re8 29. Rxe8 Nxe8 30. Bxc5 a6 31. Bc8 Ne6 32. Bb6 1-0

[Event "Moscow op-A 17th"]
[Site "Moscow"]
[Date "2021.02.24"]
[Round "5"]
[White "Pestryakov, Nikita"]
[Black "Meydi, Igor"]
[Result "1-0"]
[WhiteElo "1978"]
[BlackElo "1678"]
[PlyCount "33"]
[EventDate "2021.02.20"]
[EventType "swiss"]
[EventRounds "9"]
[EventCountry "RUS"]
[SourceTitle "CBM 200 Extra"]
[Source "ChessBase"]
[SourceDate "2021.03.31"]
[SourceVersion "1"]
[SourceVersionDate "2021.03.31"]
[SourceQuality "1"]

1. e4 e5 2. Nf3 Nc6 3. Bc4 Nf6 4. Ng5 d5 5. exd5 Na5 6. Bb5+ Bd7 7. Qe2 Be7 8. Bxd7+ Qxd7 9. Qxe5 0-0 10. 0-0 Rfe8 11. d3 Ng4 12. Qg3 h6 13. Ne6 fxe6 14. Qxg4 Qxd5 15. Bxh6 Qe5 16. Bd2 Bc5 17. Bc3 1-0

[Event "Moscow op-A 17th"]
[Site "Moscow"]
[Date "2021.02.21"]
[Round "2"]
[White "Bardyk, Artem"]
[Black "Pestryakov, Nikita"]
[Result "1-0"]
[WhiteElo "1742"]
[BlackElo "1978"]
[PlyCount "115"]
[EventDate "2021.02.20"]
[EventType "swiss"]
[EventRounds "9"]
[EventCountry "RUS"]
[SourceTitle "CBM 200 Extra"]
[Source "ChessBase"]
[SourceDate "2021.03.31"]
[SourceVersion "1"]
[SourceVersionDate "2021.03.31"]
[SourceQuality "1"]

1. e4 c5 2. c3 d5 3. exd5 Qxd5 4. d4 Nc6 5. Nf3 e5 6. Na3 exd4 7. Nb5 Bd6 8. Bc4 Qe4+ 9. Kf1 Qe7 10. cxd4 cxd4 11. Be3 Nf6 12. Nfxd4 Be5 13. Nb3 b6 14. N3d4 Nxd4 15. Bxd4 Bxd4 16. Qxd4 0-0 17. Re1 Be6 18. Bxe6 fxe6 19. Qd6 Rae8 20. Qxe7 Rxe7 21. Nd4 e5 22. Nc6 Rc7 23. Nxe5 Rd8 24. g3 Rc2 25. Re2 Rdd2 26. Rxd2 Rxd2 27. Kg2 Rxb2 28. Rc1 h6 29. a4 Ne4 30. Rc8+ Kh7 31. Rf8 Ra2 32. h4 h5 33. Rf5 Kh6 34. Rf8 Kh7 35. Rf5 Nf6 36. Rf4 Nd5 37. Rd4 Nc3 38. Nc6 a5 39. Kf3 Rxa4 40. Rd3 Rc4 41. Ne5 Rc7 42. Ke3 b5 43. Nf3 b4 44. Ng5+ Kg6 45. Rd6+ Kf5 46. Ra6 a4 47. Kd3 b3 48. Rb6 Na2 49. Rb5+ Kf6 50. Ne4+ Ke6 51. Nc5+ Rxc5 52. Rxc5 a3 53. Rb5 Nc1+ 54. Kc3 b2 55. Kc2 Ne2 56. Rb8 Kf5 57. f3 Ke5 58. Re8+ 1-0

[Event "Moscow op-A 17th"]
[Site "Moscow"]
[Date "2021.02.20"]
[Round "1"]
[White "Pestryakov, Nikita"]
[Black "Rozum, Ivan"]
[Result "0-1"]
[WhiteElo "1978"]
[BlackElo "2546"]
[PlyCount "56"]
[EventDate "2021.02.20"]
[EventType "swiss"]
[EventRounds "9"]
[EventCountry "RUS"]
[SourceTitle "CBM 200 Extra"]
[Source "ChessBase"]
[SourceDate "2021.03.31"]
[SourceVersion "1"]
[SourceVersionDate "2021.03.31"]
[SourceQuality "1"]

1. e4 c6 2. d4 d5 3. exd5 cxd5 4. c4 Nf6 5. Nc3 e6 6. Nf3 Bb4 7. cxd5 Nxd5 8. Qc2 Nc6 9. Bd3 Be7 10. a3 Nf6 11. 0-0 0-0 12. Be3 Bd7 13. Rad1 Qa5 14. Ne5 Rfd8 15. b4 Qc7 16. Ne4 Nd5 17. Ng5 Nxe5 18. Qxc7 Nxc7 19. dxe5 h6 20. Ne4 Bc6 21. Bc5 Rxd3 22. Rxd3 Bxe4 23. Rd7 Bxc5 24. bxc5 Rc8 25. Rfd1 Bd5 26. h4 Kf8 27. a4 Ke8 28. Rd6 Ke7 0-1

[Event "Moscow op-A 16th"]
[Site "Moscow"]
[Date "2020.01.26"]
[Round "2"]
[White "Burmakin, Evgeniy"]
[Black "Pestryakov, Nikita"]
[Result "1-0"]
[WhiteElo "2223"]
[BlackElo "2031"]
[PlyCount "37"]
[EventDate "2020.01.25"]
[EventType "swiss"]
[EventRounds "9"]
[EventCountry "RUS"]
[SourceTitle "CBM 194 Extra"]
[Source "ChessBase"]
[SourceDate "2020.03.31"]
[SourceVersion "1"]
[SourceVersionDate "2020.03.31"]
[SourceQuality "1"]

1. e4 c5 2. Nf3 g6 3. d4 cxd4 4. Nxd4 Nc6 5. c4 Bg7 6. Nc2 Nf6 7. Nc3 d6 8. Be2 0-0 9. 0-0 a6 10. Be3 Be6 11. Nd4 Nxd4 12. Bxd4 Rc8 13. b3 Qa5 14. f4 b5 15. f5 Bd7 16. Bxf6 Bxf6 17. Nd5 Bg5 18. f6 Bxf6 19. Rxf6 1-0

[Event "Moscow op-A 16th"]
[Site "Moscow"]
[Date "2020.01.25"]
[Round "1"]
[White "Pestryakov, Nikita"]
[Black "Smirnov, Timofey"]
[Result "0-1"]
[WhiteElo "2031"]
[BlackElo "2360"]
[PlyCount "58"]
[EventDate "2020.01.25"]
[EventType "swiss"]
[EventRounds "9"]
[EventCountry "RUS"]
[SourceTitle "CBM 194 Extra"]
[Source "ChessBase"]
[SourceDate "2020.03.31"]
[SourceVersion "1"]
[SourceVersionDate "2020.03.31"]
[SourceQuality "1"]

1. c4 c6 2. e4 d5 3. exd5 cxd5 4. d4 e6 5. Nc3 Be7 6. Nf3 Nf6 7. cxd5 Nxd5 8. Bd3 0-0 9. 0-0 Nc6 10. Re1 Bf6 11. Be4 Nce7 12. Qd3 g6 13. Ne5 Nf5 14. a3 Bg7 15. Bf3 Nde7 16. d5 exd5 17. Nxd5 Nc6 18. Bf4 Be6 19. Rad1 Ncd4 20. Qe4 Bxd5 21. Qxd5 Qxd5 22. Bxd5 Rad8 23. Bc4 b5 24. Bf1 g5 25. Bc1 Bxe5 26. Rxe5 Nf3+ 27. gxf3 Rxd1 28. Rxf5 Rxc1 29. Rxb5 Rd8 0-1

[Event "World School-ch U15"]
[Site "Antalya"]
[Date "2019.04.22"]
[Round "5"]
[White "Pestryakov, Nikita"]
[Black "Kanyamarala, Tarun"]
[Result "0-1"]
[WhiteElo "2071"]
[BlackElo "2070"]
[PlyCount "68"]
[EventDate "2019.04.18"]
[EventType "swiss"]
[EventRounds "9"]
[EventCountry "TUR"]
[SourceTitle "CBM 190 Extra"]
[Source "ChessBase"]
[SourceDate "2019.07.15"]
[SourceVersion "1"]
[SourceVersionDate "2019.07.15"]
[SourceQuality "1"]

1. e4 c5 2. c3 Nf6 3. e5 Nd5 4. d4 cxd4 5. Qxd4 e6 6. Nf3 Nc6 7. Qe4 f5 8. Qe2 b5 9. g3 a5 10. Bg2 Ba6 11. 0-0 Be7 12. Re1 0-0 13. Nbd2 Qb6 14. Nf1 b4 15. c4 b3 16. Bg5 bxa2 17. Red1 Rac8 18. Rxa2 Ncb4 19. Bxe7 Bxc4 20. Qd2 Nxa2 21. Bxf8 Kxf8 22. Nd4 Nab4 23. Ne3 Nxe3 24. Qxe3 Rb8 25. Qg5 Nd3 26. Qe3 Nxb2 27. Rc1 a4 28. g4 fxg4 29. Be4 Kg8 30. Rc3 Nd1 31. Bxh7+ Kh8 32. Qg5 Qxd4 33. Qh4 g5 34. Qg3 Nxc3 0-1

[Event "Chigorin Memorial 26th"]
[Site "St Petersburg"]
[Date "2018.11.01"]
[Round "6"]
[White "Pestryakov, Nikita"]
[Black "Chernyak, Viktoria"]
[Result "0-1"]
[WhiteElo "1959"]
[BlackElo "2200"]
[PlyCount "134"]
[EventDate "2018.10.27"]
[EventType "swiss"]
[EventRounds "9"]
[EventCountry "RUS"]
[SourceTitle "CBM 187 Extra"]
[Source "ChessBase"]
[SourceDate "2018.11.04"]
[SourceVersion "1"]
[SourceVersionDate "2018.11.04"]
[SourceQuality "1"]

1. e4 Nf6 2. e5 Nd5 3. d4 d6 4. c4 Nb6 5. exd6 exd6 6. Nc3 Be7 7. Be3 0-0 8. Bd3 Nc6 9. a3 Re8 10. Nge2 Bg5 11. Bxg5 Qxg5 12. 0-0 Bg4 13. Qc1 Qf6 14. Qd2 Na5 15. Ne4 Qe7 16. N2g3 Naxc4 17. Qf4 Be6 18. Nh5 Nd7 19. Ng5 g6 20. d5 Bxd5 21. Bxc4 Bxc4 22. Qxc4 Qxg5 23. Qxc7 Nc5 24. Ng3 Qd8 25. Qxd8 Raxd8 26. Rad1 f5 27. b4 Ne6 28. Ne2 Kf7 29. Nc3 Nc7 30. g3 Re5 31. Rd2 Nb5 32. f4 Nxc3 33. fxe5 Ne4 34. Rd5 Ke6 35. Rfd1 Rb8 36. R1d3 dxe5 37. Rd7 h5 38. Rg7 g5 39. Rdd7 Nd6 40. Rge7+ Kf6 41. Rh7 Ke6 42. Rde7+ Kf6 43. Rc7 Kg6 44. Rhd7 Ne8 45. Rxb7 Rc8 46. Rxa7 f4 47. gxf4 gxf4 48. Rd5 Rc1+ 49. Kf2 Nf6 50. Rd2 Ne4+ 51. Ke2 f3+ 52. Kxf3 Nxd2+ 53. Ke3 Nb3 54. Ke4 Re1+ 55. Kd5 Kf6 56. b5 Rd1+ 57. Ke4 Nc5+ 58. Ke3 Rd3+ 59. Ke2 Rb3 60. a4 Rb4 61. Rh7 h4 62. b6 Nxa4 63. b7 Nc5 64. Rxh4 Rxb7 65. Rc4 Ne6 66. h4 Kf5 67. h5 Nf4+ 0-1

[Event "Chigorin Memorial 26th"]
[Site "St Petersburg"]
[Date "2018.10.31"]
[Round "5"]
[White "Mustafazade, Fikrat"]
[Black "Pestryakov, Nikita"]
[Result "0-1"]
[WhiteElo "1404"]
[BlackElo "1959"]
[PlyCount "104"]
[EventDate "2018.10.27"]
[EventType "swiss"]
[EventRounds "9"]
[EventCountry "RUS"]
[SourceTitle "CBM 187 Extra"]
[Source "ChessBase"]
[SourceDate "2018.11.04"]
[SourceVersion "1"]
[SourceVersionDate "2018.11.04"]
[SourceQuality "1"]

1. d4 d5 2. c4 e6 3. cxd5 exd5 4. Nc3 c6 5. Nf3 Bd6 6. Bg5 Nf6 7. e3 0-0 8. Bd3 Nbd7 9. Qc2 Re8 10. Bxh7+ Kh8 11. Bf5 Nf8 12. h4 Bxf5 13. Qxf5 Qd7 14. Qxd7 N8xd7 15. Bxf6 Nxf6 16. Ng5 Kg8 17. 0-0-0 a5 18. Rde1 a4 19. f3 Bg3 20. Re2 Nh5 21. f4 g6 22. Rh3 b5 23. Kd1 b4 24. Nb1 Re7 25. Nd2 Rae8 26. Nf1 Bxf4 27. g4 Nf6 28. Rf3 Bxg5 29. hxg5 Ne4 30. Rc2 Re6 31. Rf4 Nxg5 32. Rc5 Ra8 33. Nd2 a3 34. b3 Rae8 35. Nf1 Ne4 36. Rc2 Nc3+ 37. Ke1 Re4 38. Rf6 R8e6 39. Rxe6 fxe6 40. Kf2 Rxg4 41. Ng3 Kg7 42. Kf3 Rh4 43. Rg2 Rh8 44. Kf4 Rf8+ 45. Kg4 Nd1 46. Re2 Rf2 47. Rxf2 Nxf2+ 48. Kf3 Nd1 49. Ne2 Nc3 50. Nc1 Kf6 51. Kf4 g5+ 52. Kg4 Kg6 0-1